000 00637nam a2200229 a 4500
999 _c1368
_d1368
001 1368
003 BD-JhCC
005 20171018174425.0
008 171018s2015 bg |||| ||a| 000 0 ben d
020 _a9789350404690
035 _a(BD-JhCC)1368
040 _aBD-JhCC
_dBD-JhCC
041 _aben
082 _a891.443
_bMIL 2015
100 _aমিলন, ইমদাদুল হক
245 _aনূরজাহান /
_cইমদাদুল হক মিলন
260 _aকলকাতা :
_bআনন্দ,
_c2015.
300 _a1078 p. ;
_c24 cm.
650 _aBengali Novel
942 _2ddc
_cBK